<?xml version="1.0" encoding="UTF-8"?>
<record
    xmlns:xsi="http://www.w3.org/2001/XMLSchema-instance"
    xsi:schemaLocation="http://www.loc.gov/MARC21/slim http://www.loc.gov/standards/marcxml/schema/MARC21slim.xsd"
    xmlns="http://www.loc.gov/MARC21/slim">

  <leader>00753nam a22002057a 4500</leader>
  <controlfield tag="005">20180417115722.0</controlfield>
  <datafield tag="010" ind1=" " ind2=" ">
    <subfield code="a">B-690934-935</subfield>
  </datafield>
  <datafield tag="020" ind1=" " ind2=" ">
    <subfield code="c">270.00</subfield>
    <subfield code="a">9789385068263</subfield>
  </datafield>
  <datafield tag="035" ind1=" " ind2=" ">
    <subfield code="a">B-690934-935</subfield>
  </datafield>
  <datafield tag="037" ind1=" " ind2=" ">
    <subfield code="b">V.L.Media </subfield>
  </datafield>
  <datafield tag="082" ind1=" " ind2=" ">
    <subfield code="a">355.0092</subfield>
  </datafield>
  <datafield tag="100" ind1=" " ind2=" ">
    <subfield code="a">Mishra, Pawan Kumar</subfield>
  </datafield>
  <datafield tag="245" ind1="0" ind2="0">
    <subfield code="a">Hero of batalik  :</subfield>
    <subfield code="c">by Lajpat Rai</subfield>
    <subfield code="b">param vir chakra capt.Manoj Kr. Pandey /</subfield>
  </datafield>
  <datafield tag="260" ind1=" " ind2=" ">
    <subfield code="a">Noida</subfield>
    <subfield code="b">V L Media Solution</subfield>
    <subfield code="c">2015</subfield>
  </datafield>
  <datafield tag="270" ind1=" " ind2=" ">
    <subfield code="a">B-33, Sainik Nagar, Uttam Nagar</subfield>
    <subfield code="b">New Delhi</subfield>
    <subfield code="e">110059</subfield>
  </datafield>
  <datafield tag="300" ind1=" " ind2=" ">
    <subfield code="a">206p.</subfield>
    <subfield code="c">20cm(pbb)</subfield>
  </datafield>
  <datafield tag="500" ind1=" " ind2=" ">
    <subfield code="a">Balidali</subfield>
  </datafield>
  <datafield tag="942" ind1=" " ind2=" ">
    <subfield code="2">ddc</subfield>
    <subfield code="c">EN</subfield>
    <subfield code="m">MIS</subfield>
    <subfield code="h">921</subfield>
  </datafield>
  <datafield tag="999" ind1=" " ind2=" ">
    <subfield code="c">151255</subfield>
    <subfield code="d">151255</subfield>
  </datafield>
  <datafield tag="952" ind1=" " ind2=" ">
    <subfield code="0">0</subfield>
    <subfield code="1">0</subfield>
    <subfield code="4">0</subfield>
    <subfield code="7">0</subfield>
    <subfield code="8">NFIC</subfield>
    <subfield code="a">L</subfield>
    <subfield code="b">L</subfield>
    <subfield code="d">2018-04-16</subfield>
    <subfield code="e">VL Media 859/13.03.2018/803/19.02.2018/14.03.2018</subfield>
    <subfield code="g">270.00</subfield>
    <subfield code="l">3</subfield>
    <subfield code="o">921 MIS</subfield>
    <subfield code="p">B-690934</subfield>
    <subfield code="r">2018-09-27 00:00:00</subfield>
    <subfield code="s">2018-09-27</subfield>
    <subfield code="t">1</subfield>
    <subfield code="v">270.00</subfield>
    <subfield code="w">2018-04-16</subfield>
    <subfield code="y">EN</subfield>
    <subfield code="z">Balidani</subfield>
  </datafield>
  <datafield tag="952" ind1=" " ind2=" ">
    <subfield code="0">0</subfield>
    <subfield code="1">0</subfield>
    <subfield code="4">0</subfield>
    <subfield code="7">0</subfield>
    <subfield code="8">NFIC</subfield>
    <subfield code="a">ZLS</subfield>
    <subfield code="b">ZLS</subfield>
    <subfield code="d">2018-04-16</subfield>
    <subfield code="e">VL Media 859/13.03.2018/803/19.02.2018/14.03.2018</subfield>
    <subfield code="g">270.00</subfield>
    <subfield code="l">0</subfield>
    <subfield code="o">921 MIS</subfield>
    <subfield code="p">B-690935</subfield>
    <subfield code="r">2018-04-16 00:00:00</subfield>
    <subfield code="t">1</subfield>
    <subfield code="v">270.00</subfield>
    <subfield code="y">EN</subfield>
    <subfield code="z">Balidani</subfield>
  </datafield>
</record>
